| 000 | 00628nam a2200205 a 4500 | ||
|---|---|---|---|
| 001 | 1255 | ||
| 003 | CDMR | ||
| 005 | 20131128172645.0 | ||
| 008 | 130130s1972||||||||||||||||||||||||||||d | ||
| 020 | _a8422970368 | ||
| 040 |
_aCDMR _bcat _cCDMR |
||
| 100 | 1 |
_aBense, Max _9976 |
|
| 245 | 1 | 0 |
_aIntroducción a la estética teórico-informacional _b: fundamentación y aplicación a la teoría del texto _cMax Bense |
| 246 | _aEstética de la información | ||
| 260 |
_aMadrid _c1972 _bAlberto Corazón _bComunicación |
||
| 300 | _a228 p. | ||
| 490 | 0 |
_aComunicación. _aSerie B _v23 |
|
| 650 | 0 | 4 |
_91282 _aSemiòtica |
| 942 |
_cMON _2udc |
||
| 999 |
_c1255 _d1255 |
||